01983nam a2200241 a 4500001001500000005001700015008004100032020003600073020003000109040000600139082001700145100002100162245006200183260003000245300002100275490006300296520109100359830006301450856008201513942001201595999001701607952011701624ASIN075462915520170105102911.0131025s2012 xxu eng d a0754629155 (hardcover)c$300.00 a9780754629153 (hardcover) a0 a363.325095811 aIqbal, Muzaffar.10aStudies in the islam and science nexus /cMuzaffar Iqbal. a[S.l.] :bAshgate,c2012. a564 p. ;c25 cm.1 aIslam and science: historic and contemporary perspectives. aThis four volume series brings together the most important and influential articles dealing with various aspects of the relationship between Islam and science. The studies reflect historical, epistemological and philosophical issues and perspectives, and cover a wide spectrum of subject areas ranging from Islamic perspectives on cosmology and biological evolution to the relationship between the Qur'an and science, and contemporary issues in many fields where science and religion interact. The series sheds new light on historical links between modern science and the Islamic scientific tradition and also includes special studies on major voices in Islam and science discourse. Each volume in the series is thematically arranged, which makes clear the developments in various sub areas of the Islam and science nexus, and includes an introduction which presents an overview of the current status of research in the field. This series constitutes a comprehensive reference resource for libraries and academic researchers interested in all aspects of the Islam and science discourse. 0aIslam and science: historic and contemporary perspectives.403Amazon.comuhttp://www.amazon.com/exec/obidos/ASIN/0754629155/chopaconline-20 2ddccBK c15110d15110 001040708NFICaCIPSbCIPScGENd2013-10-02l0o363.32509581 SHA 2012pCIPS0002113r2013-10-30w2013-10-30yBK